[Event "Plateliai Plunge op-B 42nd"]
[Site "Plateliai"]
[Date "2023.07.21"]
[Round "7"]
[White "Kuslikis, Dominykas"]
[Black "Budiak, Arina"]
[Result "1/2-1/2"]
[WhiteElo "1274"]
[BlackElo "1378"]
[PlyCount "74"]
[EventDate "2023.07.17"]
[EventType "swiss"]
[EventRounds "9"]
[EventCountry "LTU"]
[SourceTitle "CBM 215 Extra"]
[Source "ChessBase"]
[SourceDate "2023.09.30"]
[SourceVersion "1"]
[SourceVersionDate "2023.09.30"]
[SourceQuality "1"]

1. d4 Nf6 2. c4 e6 3. Nf3 d5 4. e3 Bd6 5. Nc3 c6 6. Qc2 a6 7. b3 Nbd7 8. Be2 b5 9. c5 Bc7 10. 0-0 0-0 11. a3 e5 12. b4 Re8 13. dxe5 Nxe5 14. Bb2 Bd7 15. Rfd1 Qe7 16. Nb1 Rad8 17. Nbd2 Bg4 18. Nxe5 Bxe5 19. Bxg4 Nxg4 20. Nf3 Bxb2 21. Qxb2 Ne5 22. Nxe5 Qxe5 23. Qxe5 Rxe5 24. Rd4 g6 25. Kf1 Rde8 26. g3 Re4 27. Rad1 Kg7 28. Kg2 Kf6 29. Kf3 h5 30. h4 Kf5 31. R1d3 f6 32. Ke2 Rxd4 33. Rxd4 Re4 34. f3 Rxd4 35. exd4 g5 36. Ke3 g4 37. f4 Ke6 1/2-1/2

[Event "Plateliai Plunge op-B 42nd"]
[Site "Plateliai"]
[Date "2023.07.20"]
[Round "6"]
[White "Alionyte, Patricija"]
[Black "Kuslikis, Dominykas"]
[Result "1/2-1/2"]
[WhiteElo "1349"]
[BlackElo "1274"]
[PlyCount "83"]
[EventDate "2023.07.17"]
[EventType "swiss"]
[EventRounds "9"]
[EventCountry "LTU"]
[SourceTitle "CBM 215 Extra"]
[Source "ChessBase"]
[SourceDate "2023.09.30"]
[SourceVersion "1"]
[SourceVersionDate "2023.09.30"]
[SourceQuality "1"]

1. e4 c6 2. Nc3 d5 3. Nf3 Bg4 4. h3 Bxf3 5. Qxf3 e6 6. exd5 exd5 7. Qe2+ Qe7 8. d4 Nd7 9. Bf4 Ngf6 10. 0-0-0 Qxe2 11. Bxe2 Bb4 12. Bd3 0-0-0 13. Rhe1 Rde8 14. f3 Ba5 15. Bd6 Bc7 16. Bxc7 Kxc7 17. Kd2 Kd6 18. Ne2 g6 19. Ng3 Rxe1 20. Rxe1 Re8 21. Rxe8 Nxe8 22. b3 Nc7 23. c4 Ke7 24. a4 a5 25. Ne2 Nb8 26. Nc3 Nba6 27. cxd5 cxd5 28. Bxa6 bxa6 29. Nd1 Kd6 30. Nf2 Ne6 31. Ke3 f6 32. Ng4 Ke7 33. g3 Ng5 34. h4 Ne6 35. f4 Ng7 36. Kd3 Nf5 37. Ne3 Nxe3 38. Kxe3 Ke6 39. g4 h5 40. g5 Kf5 41. Kf3 fxg5 42. fxg5 1/2-1/2

[Event "Plateliai Plunge op-B 42nd"]
[Site "Plateliai"]
[Date "2023.07.18"]
[Round "2"]
[White "Gudaitis, Elijas"]
[Black "Kuslikis, Dominykas"]
[Result "0-1"]
[WhiteElo "1077"]
[BlackElo "1274"]
[PlyCount "58"]
[EventDate "2023.07.17"]
[EventType "swiss"]
[EventRounds "9"]
[EventCountry "LTU"]
[SourceTitle "CBM 215 Extra"]
[Source "ChessBase"]
[SourceDate "2023.09.30"]
[SourceVersion "1"]
[SourceVersionDate "2023.09.30"]
[SourceQuality "1"]

1. d4 d5 2. Bf4 Nf6 3. Nf3 c5 4. c3 Nc6 5. e3 Bf5 6. Bb5 Qb6 7. Bxc6+ bxc6 8. Qb3 e6 9. Qxb6 axb6 10. Nbd2 Nd7 11. 0-0 Be7 12. Rfe1 0-0 13. c4 Bd3 14. cxd5 cxd5 15. Ne5 Nxe5 16. Bxe5 c4 17. a3 Ra7 18. Nf3 f6 19. Bf4 b5 20. Red1 Rfa8 21. Ne1 Bg6 22. Rac1 b4 23. axb4 Bxb4 24. Nc2 Bf8 25. Ne1 Ra2 26. Rd2 c3 27. Rd3 cxb2 28. Rb1 Bxd3 29. Nxd3 Ra1 0-1